000 00591nam a2200169 a 4500
001 000036324
005 20200930075652.0
008 120113s2000 xxuac 000 0 spa d
020 _a1558852530
040 _aDO-SdBNP
_bspa
_cBNPHU
082 _axxx
_bK163
100 1 _aKanellos, Nicolás
_962482
245 1 0 _aHispanic periodicals in the United States, origins to 1960 :
_ba brief history and comprehensive bibliography /
_cNicolás Kanellos, Helvetia Martell.
260 _aHouston, Texas :
_bArte Publico Press,
_c2000.
300 _a359 p. ;
_c24 cm.
700 1 _aMartell, Helvetia
_962483
999 _c35815
_d35815